000 00927nam a2200241 i 4500
001 6463
003 ES-MaACL
005 20230906144940.0
007 t|
008 891123s1987 sp |||| | spa d
020 _a84-600-4829-2
080 _a860 Pérez-Clotet, Pedro 7 Signo del alba.06
100 1 _aHernández Guerrero, José Antonio.
_962956
245 1 3 _aLa expresividad poética
_b: análisis de Signo del Alba de Pedro Pérez-Clotet /
_cJosé Antonio Hernández Guerrero.
260 _aCádiz :
_bUniversidad, Servicio de Publicaciones,
_c1987.
300 _a285, 82 p. ;
_c20 cm.
505 8 _aIncluye: ;
_tSigno del alba /
_rPedro Pérez-Clotet. - Reprod. facs. de la ed. de: Málaga: Imprenta Sur, 1929
600 1 4 _aPérez-Clotet, Pedro,
_d1902-1966
_990734
700 1 _aPérez-Clotet, Pedro,
_d1902-1966
_990734
740 0 2 _aSigno del Alba.
852 _aES-MaACL
_jL-13646
999 _c6463
_d6463